Atlas d' histoire générale

Gorde:
Xehetasun bibliografikoak
Egile nagusia: Damian, Luces Deschênes
Formatua: Liburua
Hizkuntza:Vietnamese
Argitaratua: Guérin 1985
Etiketak: Etiketa erantsi
Etiketarik gabe, Izan zaitez lehena erregistro honi etiketa jartzen!
Thư viện lưu trữ: Mạng thư viện Đại học Đà Nẵng
LEADER 00634nam a2200253 4500
001 000022501
003 18949
005 20150506130555.0
008 150506s1985 viesd
020 |c 00 
041 0 |a vie 
082 1 4 |a 912  |b DA-L 
100 1 |a Damian, Luces Deschênes 
245 1 0 |a Atlas d' histoire générale  |c Luce Deschênes Damian, Raymond Damian 
260 |b Guérin  |c 1985 
300 |a tr.  |c cm. 
OWN |a LSP 
999 |a From the UDN01 
TYP |a Monograph 
TYP |a Printed language 
980 |a Mạng thư viện Đại học Đà Nẵng